Normal view
MARC view
- NC Kamran Fazal NC Taimur Hayat Khan NC Zain Noman
Entry Personal Name
001 - CONTROL NUMBER
- control field: 73034
003 - CONTROL NUMBER IDENTIFIER
- control field: NUST
005 - DATE AND TIME OF LATEST TRANSACTION
- control field: 20210628204945.0
008 - FIXED-LENGTH DATA ELEMENTS
- fixed length control field: 210628|| aca||aabn | a|a d
040 ## - CATALOGING SOURCE
- Original cataloging agency: NUST
- Transcribing agency: NUST
100 ## - HEADING--PERSONAL NAME
- Personal name: NC Kamran Fazal NC Taimur Hayat Khan NC Zain Noman
670 ## - SOURCE DATA FOUND
- Source citation: Work cat.: (NUST): NC Kamran Fazal NC Taimur Hayat Khan NC Zain Noman, PR-SOF-1908-Smart Security System, 2020
